Lecturas para damas: construyendo un ideal femenino a través de la prensa en la Costa Rica de los años veinte /
Salvato in:
| Autore principale: | |
|---|---|
| Natura: | testo |
| Soggetti: | |
| Tags: |
Aggiungi Tag
Nessun Tag, puoi essere il primo ad aggiungerne!!
|
MARC
| LEADER | 00000 a a2200000 04500 | ||
|---|---|---|---|
| 001 | 16822 | ||
| 003 | |||
| 040 | |||
| 100 | |a Mora Carvajal, Virginia | ||
| 245 | |a Lecturas para damas: |b construyendo un ideal femenino a través de la prensa en la Costa Rica de los años veinte / |c Virginia Mora Carvajal | ||
| 650 | |a PRENSA | ||
| 650 | |a ROL DE LA MUJER | ||
| 650 | |a EDUCACION DE LA MUJER | ||
| 650 | |a CAMBIO SOCIAL | ||
| 650 | |a ANALISIS HISTORICO | ||
| 773 | |g volumen 11, número 3; páginas 161-192 | ||
| 999 | |c 26124 |d 26124 | ||
